| 000 | 01782nam0a2200313 4500 | ||
|---|---|---|---|
| 001 | RU\NLR\bibl\1723757 | ||
| 005 | 20260405213607.0 | ||
| 010 |
_a978-5-93932-292-8 _9500 |
||
| 021 |
_aRU _b2010-98614 _96653 |
||
| 035 | _a(NLR Aleph) 001714737 | ||
| 090 |
_a1302286 _c1302286 |
||
| 100 | _a20110118d2010 |||y0rusy50 ca | ||
| 101 | 0 | _arus | |
| 102 | _aRU | ||
| 105 | _aa ||||||||| | ||
| 200 | 1 |
_aСоциальная активность современной российской молодежи _fН.А. Фролова, А.А. Николаева _gМ-во образования и науки Рос. Федерации, Гос. образоват. учреждение высш. проф. образования "Орлов. гос. техн. ун-т" |
|
| 210 |
_aОрел _cГосударственнон образовательное учреждение высшего профессионального образования "Орловский государственный технический университет" _d2010 |
||
| 215 |
_a124 с. _cил. _d21 |
||
| 320 | _aБиблиогр.: с. 110-119 (137 назв.) | ||
| 606 | 1 |
_aМолодежь _xАктивность общественная _xСоциологические исследования _92612609 _3RU\NLR\auth\661549167 |
|
| 686 | _aС550.325.1 | ||
| 700 | 1 |
_4070 _8rus _7ca _aФролова _bН. А. _cканд. социол. наук _gНадежда Афанасьевна _3RU\NLR\auth\7796605 _979531 |
|
| 701 | 1 |
_4070 _8rus _7ca _aНиколаева _bА. А. _cканд. социол. наук _gАлла Алексеевна _3RU\NLR\auth\7796606 _979532 |
|
| 801 | 0 |
_aRU _bNLR _c20110118 _gRCR |
|
| 801 | 1 |
_aRU _bNLR _c20110118 |
|
| 942 | _cBOOK | ||
| 980 | _aNB | ||
| 980 | _aNBR | ||